Photography in the Third Reich (Record no. 8070)
[ view plain ]
| 000 -LEADER | |
|---|---|
| fixed length control field | 00627nam a2200121Ia 4500 |
| 008 - FIXED-LENGTH DATA ELEMENTS--GENERAL INFORMATION | |
| fixed length control field | 220615s9999||||xx |||||||||||||| ||und|| |
| 245 #0 - TITLE STATEMENT | |
| Title | Photography in the Third Reich |
| Remainder of title | Art, Physiognomy and Propaganda |
| 546 ## - LANGUAGE NOTE | |
| Language note | English[eng] |
| 650 ## - SUBJECT ADDED ENTRY--TOPICAL TERM | |
| Topical term or geographic name entry element | photo-historical survey; photographers; National Socialism; Third Reich; physiognomic photography; ethnographic photography; Selbstgleichschaltung; photography; |
| 700 ## - ADDED ENTRY--PERSONAL NAME | |
| Personal name | Webster, Christopher |
| 856 ## - ELECTRONIC LOCATION AND ACCESS | |
| Uniform Resource Identifier | <a href="https://library.oapen.org/bitstream/20.500.12657/46028/1/9781783749164.pdf||https://library.oapen.org/bitstream/20.500.12657/46028/4/9781783749164_Replacement.pdf">https://library.oapen.org/bitstream/20.500.12657/46028/1/9781783749164.pdf||https://library.oapen.org/bitstream/20.500.12657/46028/4/9781783749164_Replacement.pdf</a> |
| 942 ## - ADDED ENTRY ELEMENTS (KOHA) | |
| Koha item type | E-Books |
| Withdrawn status | Lost status | Damaged status | Not for loan | Home library | Current library | Date acquired | Total Checkouts | Date last seen | Price effective from | Koha item type |
|---|---|---|---|---|---|---|---|---|---|---|
| Kerala University of Digital Sciences, Innovation and Technology Knowledge Centre | Kerala University of Digital Sciences, Innovation and Technology Knowledge Centre | 15/06/2022 | 15/06/2022 | 15/06/2022 | E-Books |